Visualizzazione normale
Vista MARC
- Socrates
di Genre/Form Term
Records bibliografici associati: 1
001 - CONTROL NUMBER
- control field: 62018
003 - CONTROL NUMBER IDENTIFIER
- control field:
005 - DATE AND TIME OF LATEST TRANSACTION
- control field: 20250327161421.0
008 - FIXED-LENGTH DATA ELEMENTS
- fixed length control field: 250327|| aca||aabn | a|a d
040 ## - CATALOGING SOURCE
- Original cataloging agency:
- Transcribing agency:
155 ## - HEADING--GENRE/FORM TERM
- Genre/form term: Socrates
- Form subdivision: Filosofia greca
670 ## - SOURCE DATA FOUND
- Source citation: Work cat.: ()360474: Socrate :